La casa de Bernarda Alba (Drama de mujeres en los pueblos de España)

Zapisane w:
Opis bibliograficzny
1. autor: García Lorca, Federico
Format: Książka
Język:Undetermined
Wydane: Buenos Aires, Argentina Editorial Losada 1966
Wydanie:7
Hasła przedmiotowe:
Etykiety: Dodaj etykietę
Nie ma etykietki, Dołącz pierwszą etykiete!

MARC

LEADER 00000nam a2200000Ia 4500
008 170316s9999 xx 000 0 und d
040 |a cru BVZT 
090 |a 862 G-13ca 
100 |a García Lorca, Federico 
245 |a La casa de Bernarda Alba (Drama de mujeres en los pueblos de España) 
250 |a 7 
260 |a Buenos Aires, Argentina 
260 |b Editorial Losada 
260 |c 1966 
300 |a 125 páginas 
650 |a LITERATURA ESPAÑOLA 
650 |a OBRA DRAMÁTICA 
999 |c 9875  |d 9875 
942 |c 15 D  |h 862 G-13ca  |2 z